• 首页
  • 本馆介绍
  • 公告通知
  • 最新文献
  • 馆藏检索
  • 电子资源
  • 读者导购
  • 参考咨询
  • 我的图书馆
  • 登录
  • 详细信息显示
  • 放入我的书架
  • 预约/预借图书
  • 作者相关作品
  • 分类相关作品
  • 丛书相关作品
  • 出版社相关作品

书目信息

  • 表格格式
  • 工作单格式
  • 卡片格式
题名:
蜂蜜
    
 
作者: 唐大晅 , 王艳逊 , 任向毅 编著
分册:  
出版信息: 北京   北京科学技术出版社  2005
页数: 182页
开本: 21cm
丛书名: 走近中药
单 册:
中图分类: S896.1
科图分类:
主题词: 蜂蜜--基本知识 , 蜂蜜 , 食物疗法 , 蜂蜜--食物疗法
电子资源:
ISBN: 7-5304-3216-8
000 00975oam2 2200313 450
001 003051581
005 20061122143925.95
010    @a7-5304-3216-8@dCNY15.00
100    @a20060104d2005 em y0chiy0110 ea
101 0  @achi
102    @aCN@b110000
105    @ay z 000yy
200 1  @a蜂蜜@9feng mi@f唐大晅,王艳逊,任向毅编著
210    @a北京@c北京科学技术出版社@d2005
215    @a182页@d21cm
225 2  @a走近中药
308    @a丛书第三辑
330    @a本书分三大章节,分别是:“蜂蜜—纯天然的甘露”、“蜂王浆—最神奇的琼浆”、“其他蜂产品”。书中介绍了各类蜂产品增强体质、提高机体免疫力、振奋精神、增强智力等作用。
461  0 @12001 @a走近中药
606 0  @a蜂蜜@x基本知识
606 0  @a蜂蜜
606 0  @a食物疗法
606 0  @a蜂蜜@x食物疗法
690    @aS896.1@v4
701  0 @a唐大晅@9tang da xuan@4编著
701  0 @a王艳逊@9wang yan xun@4编著
701  0 @a任向毅@9ren xiang yi@4编著
801  0 @aCN@bNLC@c20061122
905    @a10447@dS896.1@e56
    
    蜂蜜/唐大晅,王艳逊,任向毅编著.-北京:北京科学技术出版社,2005
    182页;21cm.-(走近中药)
    
    
    ISBN 7-5304-3216-8:CNY15.00
    本书分三大章节,分别是:“蜂蜜—纯天然的甘露”、“蜂王浆—最神奇的琼浆”、“其他蜂产品”。书中介绍了各类蜂产品增强体质、提高机体免疫力、振奋精神、增强智力等作用。
●
相关链接 在E读中查询图书 在五车中查询图书 在当当中查询图书 在豆瓣中查询图书


正题名:蜂蜜     索取号:S896.1/56         预约/预借

序号 登录号 条形码 馆藏地/架位号 状态 备注
1 0394909   203949095   第二样本阅览室/ [索取号:S896.1/56] 在馆    
2 0394910   203949102   第三借阅区/ [索取号:S896.1/56] 在馆    
3 0394911   203949111   密集书库/ [索取号:S896.1/56] 在馆    
4 0394912   203949120   密集书库/ [索取号:S896.1/56] 在馆    
5 0394913   203949139   密集书库/ [索取号:S896.1/56] 在馆    
唐山师范学院图书馆 欢迎您!
大连网信软件有限公司© 版权所有